000 00542nam a22001697a 4500
005 20251108165019.0
008 250721s1988 xx 000 0 ara d
082 1 4 _a539.7/إبر
100 1 _aبدران، إبراهيم
245 1 0 _aالطاقة النووية و حادثة تشرنوبل /
264 1 _aعمان :
_bالجمعية العلمية الملكية - قسم الثقافة العلمية،
_c1988.
300 _a336ص
650 1 7 _aالإشعاع
700 1 _aعبيد، هاني
942 _2ddc
_cBK
999 _c19906
_d19906